Central Library OPAC University of Rajshahi

Human resource management / (Record no. 16020)

MARC details
000 -LEADER
fixed length control field 00738nam a22002538a 4500
001 - CONTROL NUMBER
control field 16020
003 - CONTROL NUMBER IDENTIFIER
rucl marc code OCoLC
005 - DATE AND TIME OF LATEST TRANSACTION
control field 20211208235932.0
008 - FIXED-LENGTH DATA ELEMENTS--GENERAL INFORMATION
fixed length control field 140211s2008 njua b 001 0 eng d
020 ## - INTERNATIONAL STANDARD BOOK NUMBER
International Standard Book Number 9788120334434
035 ## - SYSTEM CONTROL NUMBER
System control number (BD-RjUL)16075
040 ## - CATALOGING SOURCE
Original cataloging agency DLC
Transcribing agency DLC
Language of cataloging eng
Modifying agency BD-RjUL
041 ## - LANGUAGE CODE
Language code of text/sound track or separate title eng
082 00 - DEWEY DECIMAL CLASSIFICATION NUMBER
Classification number 658.3
Author mark and year DEH 2008
Edition number 23
100 1# - MAIN ENTRY--PERSONAL NAME
Personal name Dessler, Gary,
Dates associated with a name 1942-
9 (RLIN) 49441
245 10 - TITLE STATEMENT
Title Human resource management /
Statement of responsibility, etc. Gary Dessler.
250 ## - EDITION STATEMENT
Edition statement 11th ed.
260 ## - PUBLICATION, DISTRIBUTION, ETC. (IMPRINT)
Place of publication, distribution, etc. Upper Saddle River, NJ :
Name of publisher, distributor, etc. Prentice Hall,
Date of publication, distribution, etc. c2008
300 ## - PHYSICAL DESCRIPTION
Pagination xxix, 801 p. :
Illustrations ill. ;
Size 28 cm.
504 ## - BIBLIOGRAPHY, ETC. NOTE
Bibliography, etc Includes bibliographical references and index.
650 #0 - SUBJECT ADDED ENTRY--TOPICAL TERM
Topical term or geographic name as entry element Personnel management.
9 (RLIN) 49614
942 ## - ADDED ENTRY ELEMENTS (KOHA)
Source of classification or shelving scheme Dewey Decimal Classification
Koha item type Books
Holdings
Lost status Source of classification or shelving scheme Damaged status Not for loan Collection code Permanent Location Current Location Shelving location Date acquired Source of acquisition Cost, normal purchase price Total Checkouts Full call number Date last seen Date checked out Copy number Koha item type
  Dewey Decimal Classification     Non-fiction Central Library, University of Rajshahi Central Library, University of Rajshahi   06/06/2009 Dhaka Ahsania Misson Book Dis. House 1984.50 4 658.3 DEH 2008 04/08/2025 17/07/2025 C-2 Books
  Dewey Decimal Classification     Non-fiction Central Library, University of Rajshahi Central Library, University of Rajshahi   06/06/2004 Dhaka paragon enterprises ltd. 1984.50 5 658.3 DEH 2008 13/11/2022 30/10/2022 C-3 Books